000 00471nam a2200097Ia 4500
008 180130s9999 xx 000 0 und d
245 _cHu, Xin; Wang, Ting; Stoecklin, Mark Ph; Schales, Douglas L.; Jang, Jiyong; Sailer, Reiner
_aMUSE: asset risk scoring in enterprise network with mutually reinforced reputation propagation
260 _c2016
300 _aBook title: Handbook of information security--Acession number C20533; pages 185-193
650 _aINFORMATION SECURITY
999 _c354100
_d354100